Revolución, contrarrevolución e independencia : la Revolución francesa, España y América : Biblioteca Nacional, Madrid, junio-julio, 1989 la Revolución francesa, España y América :
Descripción Física:
141 p. : il., col. ; 30 cm
Colección:
Colección Encuentros. Serie Catálogos
MARC
| LEADER | 00000nam a2200000Ia 4500 | ||
|---|---|---|---|
| 001 | 8732 | ||
| 008 | 160829s1989 xx 000 0 cat d | ||
| 080 | |a H-1-22 | ||
| 245 | |a Revolución, contrarrevolución e independencia : |b la Revolución francesa, España y América : |b Biblioteca Nacional, Madrid, junio-julio, 1989 | ||
| 260 | |a Madrid : |b Turner, |c 1989 | ||
| 300 | |a 141 p. : |b il., col. ; |c 30 cm | ||
| 490 | |a Colección Encuentros. Serie Catálogos | ||
| 650 | |a França |x Història |x 1789/1799, Revolució |x Exposicions |9 31587 | ||
| 650 | |a Espanya |x Història |x 1788/1808, Carles IV |x Exposicions |9 31588 | ||
| 650 | |a Amèrica del Sud |x Història |x 1806/1830, Guerres d'independència |x Exposicions |9 31589 | ||
| 901 | |a Arxiu | ||
| 942 | |n 1 | ||
| 952 | |0 0 |1 0 |4 0 |6 H122 |7 1 |9 45683 |a Arxiu |b Arxiu |d 2016-12-01 |l 0 |o H-1-22 |p 8732 |r 2016-12-01 00:00:00 |w 2016-12-01 |y ARXIU | ||
| 999 | |c 49183 |d 49183 | ||